000 00902cab a2200289 4500
001 ABS57826
008 090401t1997 xxu||||| |||| 00| 0 eng d
035 _a(Sirsi) u81634
041 _aeng
100 _aBrown, G.
245 2 _aA rose by any other name
260 _c1997
350 _a0
490 _aConstruction Manager
_v3(8) October 1997, 20-21(2)
520 _aLooks at what an estimator is and what managerial skills they need and explains what the term commercial manager means and why this term and the programme Commercial Management and Quantity Surveying has been created.
650 _aCOMMERCIAL MANAGERS
650 _aCONSTRUCTION INDUSTRY
650 _aESTIMATORS
650 _aQUANTITY SURVEYORS
650 _aROLE
650 _aSKILLS
690 _aQuantity surveying
_96263
700 _aFenn, P.
700 _aLowe, D.
942 _n0
948 _c22/10/1997
999 _c51450
_d51450